000 00307nam a22001217a 4500
008 180912b xxu||||| |||| 00| 0 eng d
041 _aeng
080 _a591
100 _a7
101 _aZOO
245 _aInternal Parasites of Equids with Emphasis on Treatment and Control
_cDrudge, J.H
942 _2udc
_cBK
999 _c47714
_d47714